00780nam a2200193Ia 4500001000700000003000500007008004100012010001100053040000900064100003200073245022200105260004100327300001000368502007600378650003300454650003100487650004200518650002600560Z_4861CHAP220113s1993 xx 000 0 und d a167915 cCHAP aGaytán Guzmán, Leobardo aDeterminación de los requerimientos de espacio físico estático y dinámico, estimados a partir de factores alométricos y curvas de crecimiento en cuatro genotipos de cerdos /cpor Leobardo Gaytán Guzmán aChapingo, Méx. :bEl autor,c1993 a57 h. aTesis (Ing. Agr. Esp. en Zootecnia) -- UACH. Departamento de Zootecnia aGanado porcinoxCrecimiento  aGanado porcinoxGenética aGanado porcinoxHábitos y conducta  aGanado porcinoxPeso